| 000 | 00000nam##2200000za#4500 |
| 001 | 9.573290 |
| 003 | CaOODSP |
| 005 | 20210624183630 |
| 007 | cr ||||||||||| |
| 008 | 150406|2000||||xxc|||||o f|0| 0 eng|d |
| 040 | |aCaOODSP|beng |
| 043 | |an-cn--- |
| 086 | 1 |aH113-7/2000-3E-PDF |
| 110 | 1 |aCanada. |bPest Management Regulatory Agency. |
| 245 | 10|aClean crop dinoseb 300 restricted emulsifiable concentrate (PCP 15086) |h[electronic resource] |
| 260 | |aOttawa - Ontario : |bHealth Canada. |cMarch 20, 2000. |
| 300 | |a1p. |
| 490 | 1 |aRegulatory note |vREG2000-03 |
| 590 | |a12-08-Supp|b2012-03-16 |
| 775 | 08|tClean Crop Dinoseb 300, concentré émulsionnable à usage restreint (numéro d'homologation 15086) |w(CaOODSP)9.603502 |
| 830 | #0|aRegulatory note ;|vREG2000-03|w(CaOODSP)9.504462 |
| 856 | 40|ahttp://publications.gc.ca|qPDF|s92 KB|uhttps://publications.gc.ca/collections/collection_2012/sc-hc/H113-7-2000-3-eng.pdf|yREG2000-03 |